|
|
|
|
| LEADER |
01053nam a22002892a 4500 |
| 001 |
000125558 |
| 003 |
CZ BrMZK |
| 005 |
20070413120141.0 |
| 007 |
ta |
| 008 |
950101s1986 xr f cze d |
| 015 |
|
|
|a cnb000015473
|
| 035 |
|
|
|a (OCoLC)16650914
|
| 040 |
|
|
|a BOA001
|b cze
|
| 080 |
9 |
|
|a 616.61-002-083.24
|
| 080 |
9 |
|
|a 613.24
|
| 100 |
1 |
|
|a Skála, Ivo,
|d 1933-2022
|7 jk01111414
|4 aut
|
| 245 |
1 |
0 |
|a Dieta při zánětu a chronickém selhání ledvin :
|b (příručka pro nemocné, dietní sestry a lékaře) /
|c Ivo Skála, Věra Lamačová
|
| 250 |
|
|
|a 2. vyd.
|
| 260 |
|
|
|a Praha :
|b Avicenum,
|c 1986
|
| 300 |
|
|
|a 154 s.
|
| 700 |
1 |
|
|a Lamačová, Věra
|7 jk01071430
|4 aut
|
| 856 |
4 |
1 |
|u http://www.digitalniknihovna.cz/mzk/uuid/uuid:f006f9e0-a83c-11e3-9d7d-005056827e51
|y Digitalizovaný dokument
|x NDK
|
| 910 |
|
|
|a BOA001
|b 2-0906.181
|
| 964 |
|
|
|a Ledviny - chronické selhání - dietní jídla - recepty
|
| 990 |
|
|
|a BK
|
| 991 |
|
|
|b 200703
|
| 996 |
6 |
|
|b 2619974787
|c 2-0906.181
|l MZK
|r Sklad / do 1 hodiny
|n 7
|w 000125558
|u 000010
|a 1
|e BOA001
|j MZK50
|s P
|